00882nam a22002177a 4500999001900000005001700019010001500036020003000051035001400081037001300095082001000108100002300118245008700141260004400228270011100272300007000383700001500453700002400468942002400492952014800516 c178636d17863620210408173152.0 aENG-129411 c300.00a978-93-88016-49-0 aEN-112943 bDBAD/PUB a362.4 aMishra, Premananda aIntroduction to Disabilities/bPremananda Mishra, K. Srinivas Reddy and K. Sridevi aNew DelhibNeelkamal Publicationsc2019 a4764/1, 23, Ansari Road, DaryaganjbNew Delhie110002k011-23244237, 98118-28953mneelkamalbooks@gmail.com axv+296p.c24cm(pbk)bincluding bibliographical references, index. aK. Sridevi aReddy, K. Srinivas  2ddccENh362.4mMIS 001040708NFICaBNbBNd2021-04-08eDBAD/PUBg300.00l10m4o362.4 MISpEN-112943r2024-01-23 00:00:00s2024-01-09t1v300.00w2021-04-08yEN